|
|
|
|
| LEADER |
01728nam a2200409 i 4500 |
| 001 |
EBC6372228 |
| 003 |
MiAaPQ |
| 005 |
20210407224921.0 |
| 006 |
m o d | |
| 007 |
cr cnu|||||||| |
| 008 |
210407s2021 nju o 001 0 eng d |
| 020 |
|
|
|z 9781119746409
|
| 020 |
|
|
|a 9781119746485 (e-book)
|
| 035 |
|
|
|a (MiAaPQ)EBC6372228
|
| 035 |
|
|
|a (Au-PeEL)EBL6372228
|
| 035 |
|
|
|a (OCoLC)1229921413
|
| 040 |
|
|
|a MiAaPQ
|b eng
|e rda
|e pn
|c MiAaPQ
|d MiAaPQ
|
| 043 |
|
|
|a n-us---
|
| 050 |
|
4 |
|a HV27
|b .G653 2021
|
| 082 |
0 |
|
|a 361.74092273
|2 23
|
| 100 |
1 |
|
|a Goldseker, Sharna,
|d 1974-
|e author.
|
| 245 |
1 |
0 |
|a Generation impact :
|b how next gen donors are revolutionizing giving /
|c Sharna Goldseker, Michael Moody.
|
| 250 |
|
|
|a Updated and expanded edition.
|
| 264 |
|
1 |
|a Hoboken, New Jersey :
|b Wiley,
|c 2021.
|
| 300 |
|
|
|a 1 online resource (515 pages)
|
| 336 |
|
|
|a text
|b txt
|2 rdacontent
|
| 337 |
|
|
|a computer
|b c
|2 rdamedia
|
| 338 |
|
|
|a online resource
|b cr
|2 rdacarrier
|
| 500 |
|
|
|a Includes index.
|
| 588 |
|
|
|a Description based on print version record.
|
| 590 |
|
|
|a Electronic reproduction. Ann Arbor, MI : ProQuest, 2018. Available via World Wide Web. Access may be limited to ProQuest affiliated libraries.
|
| 650 |
|
0 |
|a Philanthropists
|z United States
|v Case studies.
|
| 655 |
|
4 |
|a Electronic books.
|
| 700 |
1 |
|
|a Moody, Michael Patrick,
|d 1967-
|e author.
|
| 776 |
0 |
8 |
|i Print version:
|a Goldseker, Sharna.
|t Generation impact : how next gen donors are revolutionizing giving.
|b Updated and expanded edition.
|d Hoboken, New Jersey : Wiley, 2021, c2017
|h 515 pages
|z 9781119746409
|
| 797 |
2 |
|
|a ProQuest (Firm)
|
| 856 |
4 |
0 |
|u https://ebookcentral.proquest.com/lib/matrademy/detail.action?docID=6372228
|z Click to View
|